000 01059nam a2200253 a 4500
001 39606
003 BD-RjUL
005 20211209053027.0
008 160413s2014 b ||||| b||| 001 0 ben d
020 _a984075226X
_c: TK. 290.00
035 _a(BD-RjUL)39719
040 _aBD-RjUL
_bben
_cBD-RjUL
041 _aben
082 _223
_a891.44409
_bARK 2014
100 _aআরেফিন, শিখা
_9121990
245 1 0 _aকাজী মোতাহার হোসেন ও সমকালীন বাংলা প্রবন্ধ /
_cআরেফিন শিখা
260 _aঢাকা :
_bবাংলা একাডেমী,
_c২০১৪
300 _a৬, ২৮০ পৃ. ;
_c২২ সেমি.
490 _aবা/এ ;
_v৫২১৭
504 _aগ্রন্থপঞ্জি ও নির্ঘন্ট সংযুক্ত
650 _aবাংলা প্রবন্ধ
_xইতিহাস ও সমালোচনা
_9120541
650 _aBengali Essays
_xHistory and Criticism
_9120542
942 _2ddc
_cBK
999 _c39606
_d39606